| 000 | 02640cam a2200433 a 4500 | ||
|---|---|---|---|
| 001 | 16902105 | ||
| 003 | OSt | ||
| 005 | 20170803194758.0 | ||
| 008 | 110803s2012 enk b 001 0 eng | ||
| 010 | _a 2011033046 | ||
| 015 |
_aGBB172049 _2bnb |
||
| 016 | 7 |
_a015825827 _2Uk |
|
| 020 | _a9780521764476 (hardback) | ||
| 020 | _a0521764475 (hardback) | ||
| 020 | _a9780521147859 (paperback) | ||
| 020 | _a0521147859 (paperback) | ||
| 035 | _a(OCoLC)ocn738338605 | ||
| 040 |
_aDLC _cDLC _dBTCTA _dYDXCP _dUKMGB _dC#P _dBWX _dPUL _dCOO _dBDX _dIUL _dSTF _dDLC |
||
| 042 | _apcc | ||
| 050 | 0 | 0 |
_aPN1271 _b.H69 2012 |
| 082 | 0 | 0 |
_a821.91209112 _223 _bHPC |
| 084 |
_aLIT004120 _2bisacsh |
||
| 100 | 1 |
_aHowarth, Peter, _d1973- _958414 |
|
| 245 | 1 | 4 |
_aThe Cambridge Introduction to modernist poetry / _cPeter Howarth. |
| 246 | 3 | _aIntroduction to modernist poetry | |
| 260 |
_aCambridge ; _aNew York : _bCambridge University Press, _c2012. |
||
| 300 |
_ax, 264 p. ; _c23 cm. |
||
| 490 | 1 | _aCambridge introductions to literature | |
| 504 | _aIncludes bibliographical references (p. 223-246) and index. | ||
| 505 | 0 | _a1. Why write like this? -- 2. Ezra Pound -- 3. T. S. Eliot -- 4. W. B. Yeats -- 5. Modernist America: Williams, Stevens, Moore -- 6. Avant-gardism: Mina Loy, Gertrude Stein, H. D. -- 7. Why is it so difficult? -- 8. Inside and outside modernism. | |
| 520 | _a"Modernist poems are some of the twentieth-century's major cultural achievements, but they are also hard work to read. This wide-ranging introduction takes readers through modernism's most famous poems and some of its forgotten highlights to show why modernists thought difficulty and disorientation essential for poetry in the modern world. In-depth chapters on Pound, Eliot, Yeats and the American modernists outline how formal experiments take on the new world of mass media, democracies, total war and changing religious belief. Chapters on the avant-gardes and later modernism examine how their styles shift as they try to re-make the community of readers. Howarth explains in a clear and enjoyable way how to approach the forms, politics and cultural strategies of modernist poetry in English"-- | ||
| 650 | 0 |
_aPoetry, Modern _y20th century _xHistory and criticism. _98535 |
|
| 650 | 0 |
_aModernism (Literature) _958415 |
|
| 830 | 0 |
_aCambridge introductions to literature. _958416 |
|
| 856 | 4 | 2 |
_3Cover image _uhttp://assets.cambridge.org/97805217/64476/cover/9780521764476.jpg |
| 906 |
_a7 _bcbc _corignew _d1 _eecip _f20 _gy-gencatlg |
||
| 942 |
_2ddc _cBOOK |
||
| 999 |
_c40398 _d310018 |
||